[Event "Winter op"]
[Site "Winnipeg CAN"]
[Date "2004.02.21"]
[Round "3"]
[White "Rutter, Blair"]
[Black "Van Wyk, Joseph"]
[Result "0-1"]
[WhiteElo "1657"]
[BlackElo "1952"]
[PlyCount "62"]
[GameId "2160767911183757"]
[EventDate "2004.02.20"]
[EventType "swiss"]
[EventRounds "5"]
[EventCountry "CAN"]
[SourceTitle "EXT 2006"]
[Source "ChessBase"]
[SourceDate "2005.11.24"]
[SourceVersion "1"]
[SourceVersionDate "2005.11.24"]
[SourceQuality "1"]

1. c4 e5 2. g3 Nc6 3. Bg2 Bc5 4. Nc3 Nf6 5. d3 d6 6. Nf3 O-O 7. O-O h6 8. Na4 Be6 9. Nxc5 dxc5 10. Be3 Qe7 11. h3 Rad8 12. Qc2 Nd7 13. Rae1 f5 14. Nh4 Qf7 15. Kh2 f4 16. Bc1 g5 17. Bxc6 bxc6 18. Nf3 Qh5 19. Rh1 Bxh3 20. Kg1 Rf6 21. b4 Rdf8 22. Bb2 fxg3 23. fxg3 Qg4 24. Kh2 Qh5 25. Kg1 g4 26. Nd2 Rf2 27. Rh2 Rxh2 28. Kxh2 Bg2+ 29. Kxg2 Qh3+ 30. Kg1 Qxg3+ 31. Kh1 Rf2 0-1

[Event "Winter op"]
[Site "Winnipeg CAN"]
[Date "2004.02.21"]
[Round "3"]
[White "Vincent, Trevor"]
[Black "Zaczek, Jonathon"]
[Result "1-0"]
[WhiteElo "2019"]
[BlackElo "1832"]
[PlyCount "61"]
[GameId "2160767911183759"]
[EventDate "2004.02.20"]
[EventType "swiss"]
[EventRounds "5"]
[EventCountry "CAN"]
[SourceTitle "EXT 2006"]
[Source "ChessBase"]
[SourceDate "2005.11.24"]
[SourceVersion "1"]
[SourceVersionDate "2005.11.24"]
[SourceQuality "1"]

1. c4 c5 2. g3 g6 3. Bg2 Bg7 4. Nc3 Nc6 5. a3 d6 6. Rb1 a5 7. Nf3 Bg4 8. O-O Bxf3 9. Bxf3 e6 10. d3 Nge7 11. Bg2 O-O 12. Bd2 Qd7 13. Na4 Rab8 14. b4 axb4 15. axb4 b6 16. b5 Nd8 17. Qb3 d5 18. cxd5 exd5 19. Nc3 d4 20. Nd5 Ne6 21. Nxe7+ Qxe7 22. Ra1 Rfc8 23. Ra4 Nd8 24. Bf3 Nb7 25. Ra7 Rc7 26. Qd5 Nd6 27. Rxc7 Qxc7 28. Bf4 Rd8 29. Ra1 c4 30. dxc4 Qxc4 31. Ra8 1-0

[Event "Winter op"]
[Site "Winnipeg CAN"]
[Date "2004.02.22"]
[Round "4"]
[White "Anderson, George"]
[Black "Degroot, Stephen"]
[Result "1-0"]
[WhiteElo "1500"]
[BlackElo "1524"]
[PlyCount "65"]
[GameId "2160767911183760"]
[EventDate "2004.02.20"]
[EventType "swiss"]
[EventRounds "5"]
[EventCountry "CAN"]
[SourceTitle "EXT 2006"]
[Source "ChessBase"]
[SourceDate "2005.11.24"]
[SourceVersion "1"]
[SourceVersionDate "2005.11.24"]
[SourceQuality "1"]

1. e4 c5 2. b4 b6 3. f4 Bb7 4. e5 d6 5. Bb2 Nc6 6. bxc5 bxc5 7. Bb5 a6 8. Ba4 Qc7 9. Nf3 O-O-O 10. exd6 exd6 11. O-O c4 12. Bxc6 Bxc6 13. Bd4 Nh6 14. Nc3 Nf5 15. Bf2 h5 16. Rb1 Re8 17. d4 d5 18. Ne5 Bd6 19. Qf3 Bxe5 20. fxe5 Qd7 21. Rb6 Kc7 22. Rfb1 Ra8 23. Na4 Qc8 24. Nc5 g6 25. e6 fxe6 26. Bg3+ Kd8 27. Rb8 Rxb8 28. Rxb8 Qxb8 29. Bxb8 Ke7 30. Be5 Rf8 31. Qa3 Rf7 32. Ne4+ Ke8 33. Nf6+ 1-0

[Event "Winter op"]
[Site "Winnipeg CAN"]
[Date "2004.02.22"]
[Round "4"]
[White "Gannon, Keith"]
[Black "Rutter, Blair"]
[Result "0-1"]
[WhiteElo "1569"]
[BlackElo "1657"]
[PlyCount "126"]
[GameId "2160767911183761"]
[EventDate "2004.02.20"]
[EventType "swiss"]
[EventRounds "5"]
[EventCountry "CAN"]
[SourceTitle "EXT 2006"]
[Source "ChessBase"]
[SourceDate "2005.11.24"]
[SourceVersion "1"]
[SourceVersionDate "2005.11.24"]
[SourceQuality "1"]

1. e4 e6 2. d4 d5 3. exd5 exd5 4. Nf3 Nf6 5. Be2 Be7 6. O-O O-O 7. Nc3 Nbd7 8. a3 c6 9. Re1 Re8 10. Bd3 Nf8 11. Bg5 Be6 12. b4 Qc7 13. Ne5 Ng6 14. Nxg6 hxg6 15. g3 Nh7 16. Bxe7 Qxe7 17. Qd2 Ng5 18. Re3 Qf6 19. f4 Nh3+ 20. Kg2 Qxd4 21. Rae1 Qf6 22. f5 gxf5 23. Re5 Ng5 24. Bxf5 Rad8 25. Bxe6 Rxe6 26. Rxe6 fxe6 27. Qd3 Rf8 28. Nd1 e5 29. h4 Ne6 30. c3 e4 31. Qe3 Qg6 32. Rf1 Rxf1 33. Kxf1 a6 34. a4 Qf5+ 35. Nf2 g5 36. hxg5 Nxg5 37. Qa7 Qf7 38. Qb8+ Kg7 39. Qe5+ Kg6 40. Qd6+ Qf6 41. Qxf6+ Kxf6 42. Ke2 Ne6 43. Ke3 b6 44. Ng4+ Kf5 45. Nf2 c5 46. g4+ Ke5 47. Nd1 d4+ 48. cxd4+ cxd4+ 49. Kd2 Kf4 50. Nb2 b5 51. g5 Kxg5 52. axb5 axb5 53. Nd1 Kf4 54. Ke2 Nc7 55. Nf2 Nd5 56. Nh3+ Ke5 57. Ng5 Nxb4 58. Nf7+ Kd5 59. Nd8 d3+ 60. Ke3 Nc2+ 61. Kd2 Kc4 62. Nb7 e3+ 63. Kd1 e2+ 0-1

[Event "Winter op"]
[Site "Winnipeg CAN"]
[Date "2004.02.22"]
[Round "4"]
[White "Katona, John"]
[Black "Pottinger, Carl"]
[Result "0-1"]
[WhiteElo "1833"]
[BlackElo "1603"]
[PlyCount "26"]
[GameId "2160767911183762"]
[EventDate "2004.02.20"]
[EventType "swiss"]
[EventRounds "5"]
[EventCountry "CAN"]
[SourceTitle "EXT 2006"]
[Source "ChessBase"]
[SourceDate "2005.11.24"]
[SourceVersion "1"]
[SourceVersionDate "2005.11.24"]
[SourceQuality "1"]

1. e4 c5 2. c3 d5 3. exd5 Qxd5 4. d4 Nf6 5. Nf3 Bg4 6. Be2 e6 7. O-O Nc6 8. Be3 cxd4 9. cxd4 Be7 10. Nc3 Qd8 11. Qb3 a6 12. Qxb7 Na5 13. Bb5+ Kf8 0-1

[Event "Winter op"]
[Site "Winnipeg CAN"]
[Date "2004.02.22"]
[Round "4"]
[White "Kohalmi, Andy"]
[Black "Curtis, Rory"]
[Result "1-0"]
[WhiteElo "1584"]
[BlackElo "1716"]
[PlyCount "107"]
[GameId "2160767911183763"]
[EventDate "2004.02.20"]
[EventType "swiss"]
[EventRounds "5"]
[EventCountry "CAN"]
[SourceTitle "EXT 2006"]
[Source "ChessBase"]
[SourceDate "2005.11.24"]
[SourceVersion "1"]
[SourceVersionDate "2005.11.24"]
[SourceQuality "1"]

1. d4 d5 2. Nf3 Nf6 3. e3 c6 4. Bd3 e6 5. O-O Be7 6. b3 O-O 7. Bb2 Nbd7 8. Nbd2 Re8 9. Re1 b5 10. Rc1 Rb8 11. Qe2 a5 12. e4 a4 13. e5 Ng4 14. Rb1 Nh6 15. c4 bxc4 16. bxc4 Ba6 17. c5 Bxd3 18. Qxd3 Qa5 19. Bc3 Qa7 20. a3 Nf5 21. Rb4 Nxc5 22. dxc5 Bxc5 23. Rxb8 Bxf2+ 24. Kf1 Rxb8 25. Rb1 Rxb1+ 26. Qxb1 Bc5 27. Bb4 Bxb4 28. Qxb4 Ne3+ 29. Ke2 Nf5 30. Qc3 c5 31. g4 Ne7 32. Qd3 Qa5 33. h4 Nc6 34. Ng5 g6 35. h5 Nd4+ 36. Kf2 Qc7 37. Ndf3 Nxf3 38. Qxf3 Qe7 39. Qf6 Qxf6+ 40. exf6 h6 41. Nf3 g5 42. Ne5 c4 43. Ke3 Kf8 44. Nd7+ Ke8 45. Nb6 Kd8 46. Kd4 Kc7 47. Nxa4 Kc6 48. Nc3 Kb6 49. a4 Kc6 50. Nb5 e5+ 51. Kxe5 Kc5 52. Nc3 d4 53. Ne4+ Kb4 54. Kxd4 1-0

[Event "Winter op"]
[Site "Winnipeg CAN"]
[Date "2004.02.22"]
[Round "4"]
[White "Van Wyk, Joseph"]
[Black "Zaczek, Jonathon"]
[Result "1-0"]
[WhiteElo "1952"]
[BlackElo "1832"]
[PlyCount "53"]
[GameId "2160767911183765"]
[EventDate "2004.02.20"]
[EventType "swiss"]
[EventRounds "5"]
[EventCountry "CAN"]
[SourceTitle "EXT 2006"]
[Source "ChessBase"]
[SourceDate "2005.11.24"]
[SourceVersion "1"]
[SourceVersionDate "2005.11.24"]
[SourceQuality "1"]

1. f4 c5 2. Nf3 Nc6 3. b3 d5 4. e3 Bg4 5. h3 Bxf3 6. Qxf3 Nf6 7. Bb2 e6 8. g4 Ne4 9. h4 Be7 10. g5 f6 11. Bd3 O-O 12. Bxe4 dxe4 13. Qxe4 e5 14. fxe5 fxe5 15. Nc3 Kh8 16. O-O-O Qd7 17. Rhf1 Rad8 18. Rxf8+ Bxf8 19. Ne2 b5 20. h5 a5 21. Ng3 a4 22. bxa4 Ra8 23. axb5 Qa7 24. Qxc6 Qxa2 25. h6 c4 26. hxg7+ Bxg7 27. Nf5 1-0

[Event "Winter op"]
[Site "Winnipeg CAN"]
[Date "2004.02.22"]
[Round "5"]
[White "Curtis, Rory"]
[Black "Degroot, Stephen"]
[Result "1-0"]
[WhiteElo "1716"]
[BlackElo "1524"]
[PlyCount "81"]
[GameId "2160767911183766"]
[EventDate "2004.02.20"]
[EventType "swiss"]
[EventRounds "5"]
[EventCountry "CAN"]
[SourceTitle "EXT 2006"]
[Source "ChessBase"]
[SourceDate "2005.11.24"]
[SourceVersion "1"]
[SourceVersionDate "2005.11.24"]
[SourceQuality "1"]

1. d4 g6 2. c4 d6 3. Nc3 Bg7 4. Nf3 Nd7 5. e4 b6 6. Be2 Bb7 7. O-O Ngf6 8. Qc2 O-O 9. Bg5 h6 10. Bh4 Re8 11. Rfd1 c6 12. e5 Nh7 13. e6 fxe6 14. Qxg6 d5 15. Qxe6+ Kh8 16. Bg3 Nhf8 17. Qe3 Ng6 18. Bd3 e5 19. Bxg6 exd4 20. Qxe8+ Qxe8 21. Bxe8 Rxe8 22. Nxd4 Bxd4 23. Rxd4 c5 24. Rdd1 d4 25. Nb5 Rg8 26. Nd6 Bc6 27. Rd3 h5 28. h4 Kh7 29. Re1 Nf6 30. Re7+ Kg6 31. Bf4 Ng4 32. Bg5 Rf8 33. f3 Nf6 34. Bxf6 Rxf6 35. Ne4 Bxe4 36. fxe4 Rf4 37. g3 Rg4 38. Rf3 a6 39. Re5 Kh6 40. Re6+ Rg6 41. Rxg6+ 1-0

[Event "Winter op"]
[Site "Winnipeg CAN"]
[Date "2004.02.22"]
[Round "5"]
[White "Pottinger, Carl"]
[Black "Anderson, George"]
[Result "1-0"]
[WhiteElo "1603"]
[BlackElo "1500"]
[PlyCount "61"]
[GameId "2160767911183769"]
[EventDate "2004.02.20"]
[EventType "swiss"]
[EventRounds "5"]
[EventCountry "CAN"]
[SourceTitle "EXT 2006"]
[Source "ChessBase"]
[SourceDate "2005.11.24"]
[SourceVersion "1"]
[SourceVersionDate "2005.11.24"]
[SourceQuality "1"]

1. c4 e5 2. g3 b6 3. Bg2 Nc6 4. e4 Bb7 5. Ne2 Bc5 6. O-O h5 7. Nbc3 Ba6 8. d3 Nce7 9. b3 Nf6 10. d4 Bd6 11. dxe5 Bxe5 12. Bf4 Bxc3 13. Nxc3 Bb7 14. Nd5 Nfxd5 15. exd5 Ng6 16. Bd2 d6 17. Re1+ Kf8 18. Bc3 Bc8 19. Qd2 f6 20. Re3 h4 21. Rae1 Kf7 22. Be4 hxg3 23. hxg3 Ne5 24. Bxe5 dxe5 25. d6 Rb8 26. Rd3 c6 27. Bxc6 Bb7 28. Bxb7 Rxb7 29. d7 Qe7 30. d8=Q Rxd8 31. Rxd8 1-0

[Event "Winter op"]
[Site "Winnipeg CAN"]
[Date "2004.02.22"]
[Round "5"]
[White "Rutter, Blair"]
[Black "Kohalmi, Andy"]
[Result "0-1"]
[WhiteElo "1657"]
[BlackElo "1584"]
[PlyCount "76"]
[GameId "2160767911183770"]
[EventDate "2004.02.20"]
[EventType "swiss"]
[EventRounds "5"]
[EventCountry "CAN"]
[SourceTitle "EXT 2006"]
[Source "ChessBase"]
[SourceDate "2005.11.24"]
[SourceVersion "1"]
[SourceVersionDate "2005.11.24"]
[SourceQuality "1"]

1. c4 Nf6 2. d4 g6 3. Nc3 Bg7 4. g3 d5 5. Bg2 dxc4 6. Qa4+ Nbd7 7. e4 O-O 8. Qxc4 Nb6 9. Qd3 Ng4 10. Nge2 c5 11. d5 Ne5 12. Qd1 Bg4 13. O-O Bf3 14. Be3 Rc8 15. Rc1 Nbc4 16. Qb3 b6 17. Bxf3 Nxf3+ 18. Kg2 Nfd2 19. Qb5 Nxe3+ 20. fxe3 Nxf1 21. Rxf1 Qd6 22. Nb1 e6 23. Nec3 exd5 24. exd5 Rfe8 25. e4 Re5 26. Qa6 Qd7 27. Nd2 Rh5 28. Rf2 Qh3+ 29. Kh1 Qd7 30. d6 Re8 31. Nb5 Be5 32. Nc4 Bxg3 33. Qxa7 Qxa7 34. Nxa7 Bxf2 35. Nc6 Rg5 36. h4 Rg1+ 37. Kh2 Rxe4 38. Ne7+ Kf8 0-1

[Event "Winter op"]
[Site "Winnipeg CAN"]
[Date "2004.02.22"]
[Round "5"]
[White "Vincent, Trevor"]
[Black "Van Wyk, Joseph"]
[Result "1-0"]
[WhiteElo "2019"]
[BlackElo "1952"]
[PlyCount "31"]
[GameId "2160767911183771"]
[EventDate "2004.02.20"]
[EventType "swiss"]
[EventRounds "5"]
[EventCountry "CAN"]
[SourceTitle "EXT 2006"]
[Source "ChessBase"]
[SourceDate "2005.11.24"]
[SourceVersion "1"]
[SourceVersionDate "2005.11.24"]
[SourceQuality "1"]

1. c4 e6 2. g3 f5 3. Bg2 Nf6 4. Nf3 c5 5. O-O Nc6 6. Nc3 Be7 7. d4 cxd4 8. Nxd4 O-O 9. a3 a6 10. b4 d5 11. Nxe6 Bxe6 12. cxd5 Nxd5 13. Nxd5 Bf6 14. Nxf6+ Qxf6 15. Be3 Rfd8 16. Qc1 1-0

[Event "Winter op"]
[Site "Winnipeg CAN"]
[Date "2004.02.22"]
[Round "5"]
[White "Zaczek, Jonathon"]
[Black "Katona, John"]
[Result "1-0"]
[WhiteElo "1832"]
[BlackElo "1833"]
[PlyCount "55"]
[GameId "2160767911183772"]
[EventDate "2004.02.20"]
[EventType "swiss"]
[EventRounds "5"]
[EventCountry "CAN"]
[SourceTitle "EXT 2006"]
[Source "ChessBase"]
[SourceDate "2005.11.24"]
[SourceVersion "1"]
[SourceVersionDate "2005.11.24"]
[SourceQuality "1"]

1. e4 c5 2. Nf3 d6 3. d4 cxd4 4. Nxd4 Nf6 5. Nc3 a6 6. Bc4 e6 7. Bb3 Be7 8. O-O O-O 9. Qf3 Qc7 10. Qg3 Re8 11. Kh1 b5 12. a3 Nc6 13. Be3 Nh5 14. Qg4 Nf6 15. Qg3 Nh5 16. Qg4 Nf6 17. Qe2 Na5 18. Ba2 Nc4 19. Ndxb5 axb5 20. Nxb5 Qa5 21. Bxc4 d5 22. exd5 exd5 23. Bd3 Bb7 24. Qd2 Qd8 25. Bf4 Nh5 26. Rae1 Nxf4 27. Qxf4 Rf8 28. Qc7 1-0